[Event "39th Olympiad Women"]
[Site "Khanty-Mansiysk RUS"]
[Date "2010.10.03"]
[Round "11"]
[White "Muzychuk,M"]
[Black "Huang Qian"]
[Result "1/2-1/2"]
[WhiteElo "2464"]
[BlackElo "2436"]

1.e4 c5 2.Nf3 d6 3.Bb5+ Bd7 4.Bxd7+ Qxd7 5.c4 Nc6 6.O-O g6 7.d4 cxd4 8.Nxd4 Bg7
9.Be3 Nf6 10.f3 O-O 11.Nc2 a6 12.Nc3 Rab8 13.a4 Na5 14.Na3 Rbc8 15.b3 Ng4
16.Bd4 Ne3 17.Bxe3 Bxc3 18.Rb1 Qe6 19.Qd3 Bg7 20.Qd5 Nc6 21.Qxe6 fxe6 22.Nc2 a5
23.Rfd1 Nb8 24.Nd4 Kf7 25.Nb5 Nd7 26.Kf2 Nc5 27.Ke2 b6 28.g4 Ke8 29.Bf2 Be5
30.h4 Kd7 31.Rh1 Rf7 32.Be3 Bf4 33.Bd4 Rcf8 34.Rh3 Kc6 35.Na7+ Kb7 36.Nb5 Kc6
37.Na7+ Kb7 38.Nb5 Kc6 39.Na7+ Kb7  1/2-1/2

[Event "39th Olympiad Men"]
[Site "Khanty-Mansiysk RUS"]
[Date "2010.10.03"]
[Round "11"]
[White "Movsesian,S"]
[Black "Sjugirov,S"]
[Result "1/2-1/2"]
[WhiteElo "2723"]
[BlackElo "2627"]

1.e4 c5 2.Nf3 d6 3.Bb5+ Nc6 4.O-O Bd7 5.Re1 a6 6.Bxc6 Bxc6 7.d4 cxd4 8.Nxd4 e5
9.Nb3 h6 10.c4 Nf6 11.Nc3 Be7 12.a4 O-O 13.a5 b5 14.axb6 Qxb6 15.Na5 Bd7
16.b3 Bd8 17.Bd2 Rb8 18.h3 Qc5 19.Na4 Qc8 20.Qf3 Bxa5 21.Bxa5 Qc6 22.Qd3 Nh5
23.Bd2 f5 24.b4 fxe4 25.Qxe4 Nf4 26.Nb2 Qxe4 27.Rxe4 Bc6 28.Rxf4 exf4 29.Rxa6 Rfc8
30.b5 Bxb5 31.cxb5 Rc2 32.Rxd6 Rxb2 33.Bxf4 R8xb5 34.g3 Rb7 35.h4 Kh7 36.Kg2 R2b6
37.Rd2 Kg6 38.Be3 Rc6 39.Rd5 Kf7 40.Rd2 Ke6 41.Re2 Kf5 42.Rd2 Kg6  1/2-1/2

[Event "Continental Class Ch"]
[Site "Arlington USA"]
[Date "2010.10.08"]
[Round "3"]
[White "Francisco,R"]
[Black "Smarty,Sylvester"]
[Result "0-1"]
[WhiteElo "2222"]
[BlackElo "2096"]

1.e4 c5 2.Nf3 d6 3.Bb5+ Bd7 4.Bxd7+ Qxd7 5.O-O Nc6 6.c3 Nf6 7.Re1 e6 8.d4 d5
9.exd5 Qxd5 10.Qa4 cxd4 11.cxd4 Be7 12.Nc3 Qa5 13.Qb3 Qb4 14.Qc2 O-O 15.Be3 Rac8
16.a3 Qd6 17.Rad1 Rfd8 18.Qb1 Qb8 19.Bg5 h6 20.Bc1 b5 21.Ne4 Rd5 22.Nc3 Rdd8
23.Ne4 Rd5 24.Nc3 Rdd8 25.Qd3 b4 26.axb4 Qxb4 27.Qa6 Qb6 28.Qa4 Bb4 29.Be3 Nd5
30.Bd2 Be7 31.Ne4 Bb4 32.Nc3 a5 33.Re4 Nf6 34.Rh4 Nxd4 35.Nxd4 Rxd4 36.Rxd4 Qxd4
37.Bxh6 Qh4 38.Be3 Ng4 39.h3 Nxe3 40.fxe3 Qg3 41.Rd3 Bd6 42.Qd1 Qh2+ 43.Kf1 Qh1+
44.Kf2 Qxd1 45.Rxd1 Bb4 46.Ra1 Kf8 47.Ke2 Ke7 48.Kd3 Rd8+ 49.Kc2 Rc8 50.Kb3 Rd8
51.Kc2 Rc8 52.Kb3 Bxc3 53.bxc3 Rc5 54.c4 f5 55.Kc3 g6 56.Rb1 Kd6 57.Kd4 e5+
58.Kc3 Rc6 59.Rb5 Ra6 60.Rd5+ Ke6 61.Rd2 e4 62.Kb3 Rd6 63.Re2 Rd3+ 64.Ka4 Rc3
65.Kb5 Kd6 66.g4 Rb3+ 67.Kxa5 Kc5 68.Ka4 Kxc4 69.Rc2+ Rc3 70.Rxc3+ Kxc3 71.gxf5 gxf5
72.h4 f4 73.h5 fxe3 74.h6 e2 75.h7 e1=Q 76.h8=Q+ Kd3 77.Qh3+ Qe3 78.Qf1+ Kd2
79.Qg2+ Qe2 80.Qg5+ e3 81.Qa5+ Kd1 82.Qd5+ Kc1 83.Qg5 Qc2+ 84.Kb5 Qd3+ 85.Kc5 Kc2
86.Qg2+ e2 87.Qf2  0-1

[Event "I Memorial Oliver Gonzalez"]
[Site "Madrid ESP"]
[Date "2010.10.09"]
[Round "1"]
[White "Barajas Fernandez,H"]
[Black "Recuero Guerra,D"]
[Result "0-1"]
[WhiteElo "1976"]
[BlackElo "2457"]

1.e4 c5 2.Nf3 d6 3.Bb5+ Bd7 4.a4 Nc6 5.d3 g6 6.O-O Bg7 7.c3 Nf6 8.Bg5 O-O
9.h3 a6 10.Bxc6 Bxc6 11.Nbd2 b5 12.axb5 axb5 13.Qc2 h6 14.Be3 Qc8 15.d4 cxd4
16.Nxd4 Bd7 17.Qd3 Qb7 18.N4b3 Be6 19.Rfc1 Nxe4 20.Na5 Qc7 21.Qxe4 Rxa5 22.Rxa5 Qxa5
23.Qb7 Re8 24.Nf3 Bc4 25.Nd4 Qa8 26.Qd7 Qc8 27.Qa7 e5 28.Nc2 Qb8 29.Qd7 Rd8
30.Qc6 d5 31.Qc5 Qd6 32.Qxd6 Rxd6 33.f4 exf4 34.Bxf4 Ra6 35.Nd4 b4 36.Nf3 Ra2
37.cxb4 Rxb2 38.Bd2 Be2 39.Rc8+ Kh7 40.Be1 Bf6 41.Rc7 Kg7 42.Kf2 Bc4+ 43.Kg3 Bf1
44.Bd2 Be2 45.Be1 Bf1 46.Bf2 Bc4 47.Be1 g5 48.Rd7 Rb3 49.Kf2 Rd3 50.Rb7 Rb3
51.Rd7 h5 52.g4 Rb2+ 53.Kg1 hxg4 54.hxg4 Rb1 55.Kf2 Rb2+ 56.Kg1 Re2 57.Bg3 Re4
58.Kg2 Rxg4 59.Kf2 Re4 60.b5 Re2+ 61.Kg1 Bxb5 62.Rxd5 Bc6 63.Rd3 Bxf3 64.Rxf3 Bd4+
65.Kf1 Re3  0-1

[Event "I Memorial Oliver Gonzalez"]
[Site "Madrid ESP"]
[Date "2010.10.09"]
[Round "1"]
[White "Barajas Fernandez,H"]
[Black "Recuero Guerra,D"]
[Result "0-1"]
[WhiteElo "1976"]
[BlackElo "2457"]

1.e4 c5 2.Nf3 d6 3.Bb5+ Bd7 4.a4 Nc6 5.d3 g6 6.O-O Bg7 7.c3 Nf6 8.Bg5 O-O
9.h3 a6 10.Bxc6 Bxc6 11.Nbd2 b5 12.axb5 axb5 13.Qc2 h6 14.Be3 Qc8 15.d4 cxd4
16.Nxd4 Bd7 17.Qd3 Qb7 18.N4b3 Be6 19.Rfc1 Nxe4 20.Na5 Qc7 21.Qxe4 Rxa5 22.Rxa5 Qxa5
23.Qb7 Re8 24.Nf3 Bc4 25.Nd4 Qa8 26.Qd7 Qc8 27.Qa7 e5 28.Nc2 Qb8 29.Qd7 Rd8
30.Qc6 d5 31.Qc5 Qd6 32.Qxd6 Rxd6 33.f4 exf4 34.Bxf4 Ra6 35.Nd4 b4 36.Nf3 Ra2
37.cxb4 Rxb2 38.Bd2 Be2 39.Rc8+ Kh7 40.Be1 Bf6 41.Rc7 Kg7 42.Kf2 Bc4+ 43.Kg3 Bf1
44.Bd2 Be2 45.Be1 Bf1 46.Bf2 Bc4 47.Be1 g5 48.Rd7 Rb3 49.Kf2 Rd3 50.Rb7 Rb3
51.Rd7 h5 52.g4 Rb2+ 53.Kg1 Re2 54.Bg3 Re4 55.Kg2 hxg4 56.hxg4 Rxg4 57.Kf2 Re4
58.b5 Re2+ 59.Kg1 Bxb5 60.Rxd5 Bc6 61.Rd3 Bxf3 62.Rxf3 Bd4+ 63.Kf1 Re3  0-1

[Event "TCh-NED"]
[Site "Netherlands NED"]
[Date "2010.10.09"]
[Round "2.10"]
[White "Van Arkel,R"]
[Black "Kaufeld,J"]
[Result "1/2-1/2"]
[WhiteElo "2185"]
[BlackElo "2286"]

1.e4 c5 2.Nf3 d6 3.Bb5+ Nd7 4.d4 cxd4 5.Qxd4 a6 6.Bxd7+ Bxd7 7.O-O Rc8 8.c4 e5
9.Qd3 b5 10.Na3 bxc4 11.Nxc4 Bb5 12.Nfd2 Nf6 13.a4 Bc6 14.b3 Be7 15.Ba3 O-O
16.Rfe1 Rc7 17.Rac1 Bb7 18.Nxd6 Rd7 19.N2c4 Bxe4 20.Rxe4 Nxe4 21.Qxe4 Bxd6
22.Bxd6 Rxd6 23.Nxd6 Qxd6  1/2-1/2

[Event "TCh-SWE Elitserien 2010-11"]
[Site "Sweden SWE"]
[Date "2010.10.09"]
[Round "2"]
[White "Mansson,L"]
[Black "Landgren,A"]
[Result "1/2-1/2"]
[WhiteElo "2203"]
[BlackElo "2159"]

1.e4 c5 2.Nf3 d6 3.Bb5+ Bd7 4.Bxd7+ Qxd7 5.O-O Nc6 6.c3 Nf6 7.d4 Nxe4 8.d5 Ne5
9.Nxe5 dxe5 10.Re1 Nd6 11.Rxe5 g6 12.Re1 Bg7 13.Bg5 Nf5 14.Na3 O-O 15.Qf3 h6
16.Bf4 b5 17.Be5 f6 18.Bf4 g5 19.Be3 Nh4 20.Qe4 f5 21.Qe6+ Qxe6 22.dxe6 b4
23.Nb5 Rfc8 24.cxb4 cxb4 25.Bxa7 Bxb2 26.Rad1 Bf6 27.Rc1 Ng6 28.h3 Nf4 29.Rxc8+ Rxc8
30.Nd4 Bxd4 31.Bxd4 Rc2 32.Be3 Nxe6 33.Rb1 Rc4 34.Bd2 Rc2 35.Bxb4 Rxa2 36.Bxe7 Ra7
37.Bf6 Kf7 38.Be5 f4 39.Rb8 Rd7 40.Rb1 Kg6 41.Ra1 Rd5 42.Bh8 Rd8 43.Be5  1/2-1/2

[Event "Tatry Open"]
[Site "Tatranske Zruby CZE"]
[Date "2010.10.09"]
[Round "9"]
[White "Jelen,P1"]
[Black "Kukucka,M"]
[Result "1-0"]
[WhiteElo "2172"]
[BlackElo "1929"]

1.e4 c5 2.Nf3 d6 3.Bb5+ Bd7 4.Bxd7+ Qxd7 5.O-O Nc6 6.c3 Nf6 7.Re1 e6 8.d4 cxd4
9.cxd4 d5 10.e5 Ne4 11.Nbd2 Nxd2 12.Bxd2 Be7 13.h4 O-O 14.Bf4 Rac8 15.Re3 Nb4
16.Ne1 f5 17.exf6 Bxf6 18.Bg5 h6 19.Bxf6 Rxf6 20.a3 Nc6 21.Nd3 b6 22.Qg4 Qf7
23.Rc1 Qd7 24.Rce1 Rcf8 25.f3 Qf7 26.Rxe6 Rxe6 27.Qxe6 Qxe6 28.Rxe6 Nxd4
29.Rd6 Ne2+ 30.Kf2 Nf4 31.Nb4 a5 32.Nxd5 Nxd5 33.Rxd5 Rf6 34.Ke3 Kf7 35.Rd7+ Kg8
36.g4 Rc6 37.Rb7 g5 38.hxg5 hxg5 39.Ke4 Rf6 40.Rd7 Rf4+ 41.Ke3 Rf6 42.Rd5 Rg6
43.Ke4 Kg7 44.Rd7+ Kh6 45.Ke5  1-0

[Event "Continental Class Ch"]
[Site "Arlington USA"]
[Date "2010.10.10"]
[Round "6"]
[White "Perez,Rob"]
[Black "Gorman,D"]
[Result "0-1"]
[WhiteElo "2211"]
[BlackElo "2285"]

1.e4 c5 2.Nf3 d6 3.Bb5+ Nd7 4.c4 Nf6 5.Nc3 g6 6.O-O Bg7 7.d4 cxd4 8.Nxd4 O-O
9.Bxd7 Bxd7 10.Qe2 Rc8 11.b3 a6 12.Bb2 e6 13.Rfd1 Qc7 14.a4 Rfd8 15.Rd2 Be8
16.Re1 Qb6 17.Qd1 Nd7 18.Nce2 Nc5 19.Nc1 Bh6 20.Nf3 Bxd2 21.Qxd2 e5 22.Re3 Qc6
23.Qc2 b5 24.axb5 axb5 25.Ne2 bxc4 26.bxc4 Na4 27.Ba1 Qxc4 28.Qd2 Qc2 29.Qe1 Rb8
30.Qf1 Rb1 31.Ne1 Qd1 32.Ng3 Rxa1 33.h4 Qd2 34.h5 Nc3 35.Qc4 Rxe1+ 36.Rxe1 Qxe1+
37.Kh2 Nb5  0-1

[Event "TCh-BEL 2010-11"]
[Site "Belgium BEL"]
[Date "2010.10.10"]
[Round "2.3"]
[White "Coenen,N"]
[Black "Houriez,C"]
[Result "0-1"]
[WhiteElo "2353"]
[BlackElo "2256"]

1.e4 c5 2.Nf3 d6 3.Bb5+ Nd7 4.O-O Nf6 5.Re1 a6 6.Bf1 b6 7.d4 cxd4 8.Nxd4 Bb7
9.c4 e6 10.Nc3 Be7 11.a4 O-O 12.a5 Nc5 13.f3 bxa5 14.Be3 Rb8 15.Ra2 Qc7 16.Bf2 Ba8
17.Kh1 Nfd7 18.Qd2 Rb4 19.Nc2 Rbb8 20.Nd4 Rb4 21.Nc2 Nb3 22.Qd1 Rbb8 23.Bg3 Rfd8
24.Re3 Ndc5 25.Na1 Nxa1 26.Qxa1 Bc6 27.Qe1 Rb7 28.Nd1 a4 29.Re2 Rdb8 30.Rc2 h6
31.h3 Rb3 32.Rd2 R3b6 33.Rc2 Be8 34.Be2 R8b7 35.Kh2 Bf6 36.Bf1 Qb8 37.Qf2 Qc7
38.Bf4 Be5 39.Bxe5 dxe5 40.Nc3 Rd6 41.Ra3 Rb8 42.Be2 Rd4 43.Nd1 Bc6 44.Ne3 Qd6
45.Qg3 Kh7 46.Ng4 f6 47.h4 Rd2 48.Rxd2 Qxd2 49.Qf2 Qd4 50.Ra2 h5 51.Qxd4 exd4
52.Nf2 Rb3 53.Kg1 g6 54.Nd1 e5 55.Ra3 Kh6 56.Kf2 f5 57.exf5 gxf5 58.Ke1 e4
59.fxe4 fxe4 60.Rxb3 axb3 61.Kd2 Bd7 62.g3 a5 63.Bf1 a4 64.Bg2 Bg4 65.Ke1 e3  0-1

[Event "4NCL Individual Rapid"]
[Site "Newport Pagnell ENG"]
[Date "2010.10.10"]
[Round "3"]
[White "Jones,G"]
[Black "Franklin,S"]
[Result "0-1"]
[WhiteElo "2576"]
[BlackElo "2203"]

1.e4 c5 2.Nf3 d6 3.Bb5+ Bd7 4.Bxd7+ Nxd7 5.O-O Ngf6 6.Qe2 e6 7.Rd1 Be7 8.b3 O-O
9.Bb2 a6 10.d4 cxd4 11.Nxd4 Rc8 12.c4 Re8 13.Nc3 Qc7 14.Qf3 Qb8 15.a4 Bd8
16.Ba3 Bc7 17.g3 Ne5 18.Qg2 Qa7 19.h3 Bb6 20.Nde2 Bc5 21.Bxc5 Qxc5 22.Kh1 Nc6
23.Rab1 Rcd8 24.Nf4 h6 25.f3 Ne5 26.Nd3 Qe3 27.Qe2 Nxf3 28.Nf2 d5 29.Rd3 Nxe4  0-1

[Event "Schachbundesliga 2010-11"]
[Site "Wattenscheid GER"]
[Date "2010.10.10"]
[Round "2"]
[White "Breder,D"]
[Black "Brunner,N"]
[Result "1/2-1/2"]
[WhiteElo "2439"]
[BlackElo "2462"]

1.e4 c5 2.Nf3 d6 3.Bb5+ Bd7 4.Bxd7+ Qxd7 5.c4 Nf6 6.Nc3 g6 7.d4 cxd4 8.Nxd4 Bg7
9.f3 O-O 10.Be3 Nc6 11.O-O e6 12.Qd2 d5 13.cxd5 exd5 14.Nxc6 bxc6 15.e5 Ne8
16.Bc5 Bxe5 17.Bxf8 Kxf8 18.Rac1 Nd6 19.Ne2 Qb7 20.b3 Qb6+ 21.Kh1 Nf5 22.Rfe1 d4
23.Qd3 Rd8 24.f4 Bb8 25.Rf1 Re8 26.Rf3 c5 27.Ng3 Nh4 28.Rf2 Qc6 29.b4 Bxf4
30.Rxc5 Qb7 31.Rb5 Qc6 32.Rc5 Qb7 33.Rb5 Qc6 34.Rc5  1/2-1/2

[Event "Continental Class Ch"]
[Site "Arlington USA"]
[Date "2010.10.11"]
[Round "8"]
[White "Perez,Rob"]
[Black "Clancy,D"]
[Result "1-0"]
[WhiteElo "2211"]
[BlackElo "2133"]

1.e4 c5 2.Nf3 d6 3.Bb5+ Bd7 4.Bxd7+ Qxd7 5.c4 Nc6 6.d4 cxd4 7.Nxd4 Nf6 8.Nc3 g6
9.f3 Bg7 10.Be3 O-O 11.O-O Nxd4 12.Bxd4 a6 13.a4 e6 14.b3 Qc6 15.Rf2 Rfd8
16.Rd2 Rd7 17.Rc1 Rad8 18.Rcc2 b6 19.Kh1 Qb7 20.Qg1 Rb8 21.Qa1 Ne8 22.Qd1 Bh6
23.Rd3 Bf8 24.f4 Nc7 25.Qe1 Bg7 26.Bxg7 Kxg7 27.Rcd2 Rbd8 28.Qh4 h5 29.f5 b5
30.axb5 axb5 31.Qg5 bxc4 32.bxc4 Ne8 33.fxg6 fxg6 34.Rg3 Kf8 35.Rf2+ Kg8
36.Qxg6+ Rg7 37.Qxe6+ Kh8 38.Rf8+  1-0

[Event "TCh-CHN"]
[Site "Guangzhou CHN"]
[Date "2010.10.13"]
[Round "13"]
[White "Ni Hua"]
[Black "Wang Hao"]
[Result "1/2-1/2"]
[WhiteElo "2667"]
[BlackElo "2715"]

1.e4 c5 2.Nf3 d6 3.Bb5+ Nc6 4.O-O Bd7 5.Re1 Nf6 6.c3 a6 7.Ba4 b5 8.Bc2 e5
9.h3 Be7 10.d4 O-O 11.d5 Na5 12.Nxe5 dxe5 13.d6 Be6 14.dxe7 Qxe7 15.Nd2 Rfd8
16.Qe2 Nd7 17.Nf3 f6 18.Rd1 c4 19.Be3 Nc5 20.Rxd8+ Rxd8 21.Rd1 Nab7 22.Rxd8+ Qxd8
23.Qd2 Qc7 24.Nh2 a5 25.Nf1 Qb6 26.a3 Qc6 27.f3 Nd6 28.Bf2 Nd3 29.b4 axb4
30.axb4 Nxf2 31.Qxf2 Qc7 32.h4 g6 33.Qe3 Kg7 34.Ng3 Nf7 35.Ne2 Bd7  1/2-1/2

[Event "I Memorial Oliver Gonzalez"]
[Site "Madrid ESP"]
[Date "2010.10.14"]
[Round "6"]
[White "Barajas Fernandez,H"]
[Black "Nieto de la Cruz,J"]
[Result "1-0"]
[WhiteElo "1976"]
[BlackElo "2147"]

1.e4 c5 2.Nf3 d6 3.Bb5+ Nd7 4.d4 cxd4 5.Qxd4 a6 6.Bxd7+ Bxd7 7.O-O e5 8.Qd3 h6
9.Nc3 Rc8 10.Be3 Nf6 11.h3 Be7 12.Rfd1 Qc7 13.a4 O-O 14.a5 Be6 15.Bb6 Qc6
16.Rac1 Bc4 17.Qe3 Nd7 18.b3 Be6 19.Na4 f5 20.c4 fxe4 21.Nd2 Bf5 22.Qe2 Bg5
23.Be3 Bf4 24.Nc3 Nf6 25.b4 Qe8 26.Re1 Qg6 27.Bxf4 exf4 28.Ndxe4 Nxe4 29.Nxe4 Rce8
30.f3 Bxh3 31.Qf2 Re5 32.Rcd1 Rd8 33.Kf1 Bf5 34.Qb6 Rde8 35.Rxd6 Qf7 36.Qd4 Qe7
37.Rd5 Rxd5 38.cxd5 Qd7 39.Nc5 Qb5+ 40.Kf2 Rxe1 41.Kxe1 Qe8+ 42.Kf2 Qd8 43.d6 Qh4+
44.Kf1 Qh1+ 45.Qg1 Qxg1+ 46.Kxg1 Kf7 47.Nxb7 Ke6 48.Nc5+ Kxd6 49.Nxa6 Be6
50.Nc5 Bc4 51.Na4 Bd3 52.Nc3 Ke5 53.b5 Kd4 54.a6  1-0

[Event "WY Girls-U16"]
[Site "Porto Carras GRE"]
[Date "2010.10.20"]
[Round "1.5"]
[White "Haitovich,A"]
[Black "Danelia,M"]
[Result "0-1"]
[WhiteElo "1905"]
[BlackElo "2213"]

1.e4 c5 2.Nf3 d6 3.Bb5+ Nc6 4.O-O Bd7 5.c3 Nf6 6.Re1 a6 7.Bxc6 Bxc6 8.d4 Bxe4
9.Bg5 d5 10.Bxf6 gxf6 11.Nbd2 Bxf3 12.Qxf3 cxd4 13.Qxf6 Rg8 14.Qxd4 Qd7 15.Re3 O-O-O
16.Rg3 e5 17.Qa7 Rxg3 18.hxg3 Qc6 19.Nb3 Bh6 20.Rd1 f6 21.Nc5 Kc7 22.b4 Bf8
23.Nb3 Qb6 24.a3 Be7  0-1

[Event "15th European Club Cup Women"]
[Site "Plovdiv BUL"]
[Date "2010.10.21"]
[Round "5"]
[White "Arakhamia-Grant,K"]
[Black "Melia,S"]
[Result "1-0"]
[WhiteElo "2451"]
[BlackElo "2439"]

1.e4 c5 2.Nf3 d6 3.Bb5+ Bd7 4.Bxd7+ Qxd7 5.O-O Nc6 6.c3 Nf6 7.Re1 e6 8.d3 Be7
9.Nbd2 O-O 10.a4 Qc7 11.Nf1 a6 12.h3 b5 13.Bf4 Qb6 14.N3d2 Nd7 15.Ne3 Nde5
16.Qe2 Rad8 17.Bg3 Ng6 18.f4 d5 19.exd5 exd5 20.Qf3 Bh4 21.Nxd5 Rxd5 22.Bxh4 Rf5
23.Bg3 Rd8 24.axb5 axb5 25.Qe4 Rfd5 26.Nf3 Rxd3 27.f5 Nf8 28.f6 gxf6 29.Qg4+ Ng6
30.h4 Kh8 31.h5 Nge5 32.Qf5 Ne7 33.Qxf6+ Qxf6 34.Bxe5 Nd5 35.Bxf6+ Nxf6 36.Ne5 Nxh5
37.Nxf7+ Kg7 38.Nxd8 Rxd8 39.Re5 Nf4 40.Rxc5 Rd2 41.Ra7+ Kf6 42.Ra6+  1-0

[Event "WY Boys-U18"]
[Site "Porto Carras GRE"]
[Date "2010.10.21"]
[Round "2.1"]
[White "Priyadharshan,K"]
[Black "Ter Sahakyan,S"]
[Result "0-1"]
[WhiteElo "2357"]
[BlackElo "2516"]

1.e4 c5 2.Nf3 d6 3.Bb5+ Nd7 4.d4 a6 5.Bxd7+ Bxd7 6.dxc5 dxc5 7.Nc3 e6 8.Ne5 Ne7
9.Qh5 Ng6 10.Bf4 Be7 11.O-O-O Nxe5 12.Bxe5 O-O 13.Rd3 f6 14.Rhd1 Qe8 15.Qg4 Bc8
16.Bd6 b5 17.e5 f5 18.Qf3 Ra7 19.Bxe7 Rxe7 20.Qe3 Rc7 21.Ne2 b4 22.Rd6 a5
23.h4 a4 24.Nf4 Qb5 25.Rd8 Rf7 26.Rxf8+ Rxf8 27.Nd3 b3 28.axb3 axb3 29.Qxc5 Qa6
30.c4 Qa8 31.Qa3 Qxg2 32.Qxb3 Qh2 33.f4 Qxh4 34.Qb6 Qh3 35.Kd2 Qh2+ 36.Kc3 g5
37.Qg1 Qxg1 38.Rxg1 g4 39.Nc5 Kf7 40.Rh1 Kg6 41.Kd4 h5 42.Ke3 Rh8 43.b4 h4
44.b5 h3 45.Kf2 Kh5 46.Kg3 Rd8 47.b6 Rd4 48.b7 Bxb7 49.Nxb7 Rxc4 50.Rb1 Rc2
51.Rg1 Rc3+ 52.Kh2 Kh4 53.Nd8 g3+ 54.Kh1 h2 55.Nxe6 hxg1=Q+ 56.Kxg1 Kh3 57.Ng5+ Kg4
58.Ne6 Rc1+ 59.Kg2 Rc2+ 60.Kg1 g2 61.Nd4 Rd2 62.Nb3 Rb2 63.Nd4 Kh3 64.Nf3 Rb1+
65.Kf2 Rf1+  0-1

[Event "WY Boys-U18"]
[Site "Porto Carras GRE"]
[Date "2010.10.22"]
[Round "3.3"]
[White "Zierk,S"]
[Black "Grandelius,N"]
[Result "1-0"]
[WhiteElo "2391"]
[BlackElo "2500"]

1.e4 c5 2.Nf3 d6 3.Bb5+ Nd7 4.d4 cxd4 5.Qxd4 a6 6.Bc4 Ngf6 7.Nc3 e6 8.Bg5 Be7
9.O-O O-O 10.Rad1 Qc7 11.a4 b6 12.Ba2 Bb7 13.Rd2 Rfd8 14.Rfd1 Rac8 15.Qe3 h6
16.Bh4 Nc5 17.Rd4 Ng4 18.Qd2 Bxh4 19.Nxh4 Nf6 20.Qe3 Ncxe4 21.Nxe4 Bxe4 22.Rxe4 Nxe4
23.Qxe4 Qxc2 24.Qd4 Rc5 25.h3 Ra5 26.Re1 Qxa4 27.Qxb6 Rf8 28.Bb3 Qb5 29.Qe3 Qb4
30.Nf3 Rb5 31.Bc2 Qxb2 32.Qd3 Rfb8 33.Nd4 g6 34.Nxb5 Rxb5 35.Rb1 Qe5 36.Rxb5 axb5
37.Kf1 Kg7 38.Qb3 Qc5 39.Ke2 b4 40.Qb2+ e5 41.Bb3 Qb5+ 42.Ke1 Qc6 43.Kf1 Qa6+
44.Ke1 Qc6 45.Kf1 Qa6+ 46.Kg1 Qd3 47.Qa2 Qc3 48.Kh2 Qd4 49.g3 f5 50.Bg8 Kf6
51.Qf7+ Kg5 52.f4+ Kh5 53.Qxf5+  1-0

[Event "WY Boys-U12"]
[Site "Porto Carras GRE"]
[Date "2010.10.22"]
[Round "3.8"]
[White "Savenkov,K"]
[Black "Tatekhin,V"]
[Result "1/2-1/2"]
[WhiteElo "1943"]
[BlackElo "2113"]

1.e4 c5 2.Nf3 d6 3.Bb5+ Bd7 4.Bxd7+ Qxd7 5.O-O Nc6 6.c4 e5 7.d3 g6 8.Bg5 Bg7
9.Nc3 h6 10.Be3 Nge7 11.a3 Nd4 12.Ne1 O-O 13.b4 f5 14.exf5 gxf5 15.Rc1 b6
16.Qh5 Qe6 17.Nf3 Qf7 18.Qh3 Qg6 19.Nh4 Qf7 20.Rfe1 a6 21.Nf3 Rac8 22.Kh1 Nxf3
23.Qxf3 cxb4 24.axb4 e4 25.dxe4 Rxc4 26.Nd5 Nxd5 27.exd5 b5 28.Bf4 Rfc8 29.Rcd1 Rd8
30.Qg3 Kh7 31.Bxd6 Rg4 32.Re7 Qg6 33.Qe5 Re4 34.Qxe4 fxe4 35.Be5 Rg8 36.d6 Qh5
37.Rd5 Kg6 38.Re6+ Kh7 39.Re7 Qe2 40.h3 Qc4 41.Rd4 Qc1+ 42.Kh2 Kg6 43.Rxg7+ Rxg7
44.Bxg7 Kxg7 45.d7 Qc7+ 46.Kg1 Qc1+ 47.Kh2 Qf4+ 48.Kg1 Qc1+ 49.Kh2 Qf4+ 50.Kg1 Qc1+
51.Kh2  1/2-1/2

[Event "WY Girls-U10"]
[Site "Porto Carras GRE"]
[Date "2010.10.22"]
[Round "3.1"]
[White "Bauyrzhan,Arnash"]
[Black "Copilu,Codruta-Alexa"]
[Result "1-0"]
[WhiteElo "1899"]
[BlackElo "1609"]

1.e4 c5 2.Nf3 d6 3.Bb5+ Bd7 4.Bxd7+ Nxd7 5.O-O Ngf6 6.Qe2 e6 7.b3 Be7 8.Bb2 O-O
9.d4 cxd4 10.Nxd4 Nc5 11.Nd2 a6 12.c4 Qc7 13.Rac1 Rac8 14.Rfd1 Rfd8 15.Ba1 h6
16.h3 Qa5 17.Bc3 Qc7 18.b4 Ncd7 19.Ba1 Qb6 20.a3 Ne5 21.Kh1 Kh8 22.f4 Nc6
23.Nxc6 Qxc6 24.e5 dxe5 25.fxe5 Nd7 26.c5 Nf8 27.Nc4 Ng6 28.Nd6 Bxd6 29.exd6 Nf4
30.Qg4 Ng6 31.h4 e5 32.h5 Nf4 33.Bxe5 Ne6 34.Rf1 Kg8 35.Rf6 Ng5 36.Rf5 Qd7
37.Rcf1 Qe6 38.Qd4 Qd7 39.Qg4 Re8 40.Rxg5 Qxg4 41.Rxg4 Rxe5 42.Rh4 Rd5 43.Rff4 Rd1+
44.Kh2 Rd3 45.Rh3 Rd2 46.Rff3 Rd8 47.Rd3 Re2 48.Rhe3 Rxe3 49.Rxe3 Kh7 50.a4 b6
51.Rd3 bxc5 52.bxc5 g6 53.hxg6+ Kxg6 54.d7 Kf6 55.c6 Ke7 56.Re3+ Kd6 57.Re8 Kc7
58.Rxd8 Kxd8 59.Kg3 a5 60.Kf4 Ke7 61.Ke5 f6+ 62.Kf5  1-0

[Event "Guernsey Open"]
[Site "Grand Havre Bay GBG"]
[Date "2010.10.23"]
[Round "7"]
[White "Cummins,J"]
[Black "Downey,K GCI"]
[Result "0-1"]
[WhiteElo "1882"]
[BlackElo "1997"]

1.e4 c5 2.Nf3 d6 3.Bb5+ Nc6 4.O-O Bd7 5.Re1 a6 6.Bf1 Bg4 7.c3 Nf6 8.d3 e5
9.Bg5 Be7 10.Nbd2 h6 11.Bh4 g5 12.Bg3 Nh5 13.h3 Nxg3 14.fxg3 Be6 15.Nh2 Qd7
16.a3 Bf6 17.Nc4 Rd8 18.Nb6 Qc7 19.Nd5 Bxd5 20.exd5 Ne7 21.Qf3 Bg7 22.Re2 O-O
23.Rf2 f5 24.c4 a5 25.Kh1 Qd7 26.Qd1 b5 27.Rb1 bxc4 28.dxc4 Rb8 29.Bd3 e4
30.Bc2 Bd4 31.Re2 Ng6 32.b4 axb4 33.axb4 Qg7 34.b5 Ne5 35.g4 Nxc4 36.gxf5 Ne3
37.Qe1 Bc3 38.Qg3 Nxd5 39.Qg4 h5  0-1

[Event "WY Boys-U14"]
[Site "Porto Carras GRE"]
[Date "2010.10.23"]
[Round "4.16"]
[White "Grib,R"]
[Black "Akhmetov,Ay"]
[Result "0-1"]
[WhiteElo "2250"]
[BlackElo "2090"]

1.e4 c5 2.Nf3 d6 3.Bb5+ Bd7 4.Bxd7+ Nxd7 5.c4 Ngf6 6.Nc3 e6 7.O-O Be7 8.d4 cxd4
9.Qxd4 a6 10.b3 O-O 11.Rd1 Qc7 12.Bb2 Rac8 13.Rac1 Rfd8 14.Qe3 b6 15.Nd4 Qb7
16.f3 Re8 17.Kh1 Bf8 18.Ba3 Qb8 19.Qe2 d5 20.Bxf8 Kxf8 21.cxd5 exd5 22.Qxa6 dxe4
23.Nxe4 Rxc1 24.Rxc1 Nxe4 25.fxe4 Qf4 26.Rf1 Qxe4 27.Qc4 Qg6 28.Nf5 Kg8 29.Nd6 Re7
30.Nf5 Re5 31.Qc8+ Nf8 32.Ng3 Rc5 33.Qa8 Rc2 34.a4 h5 35.Qd5 Rc5 36.Qe4 Qe6
37.Qxe6 Nxe6 38.h3 Nd4 39.b4 Rc4 40.a5 Rxb4 41.axb6 h4 42.Ne4 Ne2 43.Re1 Rxe4
44.b7 Rb4 45.Rxe2 Rxb7 46.Re4 g5 47.Rg4 f6 48.g3 Rb3 49.Kh2 Rxg3 50.Ra4 Kg7
51.Ra7+ Kg6 52.Ra5 Rb3 53.Kg2 Rb6 54.Kf3 Re6 55.Rb5 Re5 56.Rb8 Kf5 57.Rb6 Rc5
58.Ra6 Ke5 59.Kg4 Rc4+ 60.Kh5 Kf5 61.Ra5+ Kf4 62.Kg6 g4 63.hxg4 h3 64.Kxf6 Kxg4
65.Ra2 Rf4+ 66.Ke5 Kg3 67.Rb2 Rf2 68.Rb1 h2 69.Ke4 Kg2 70.Ke3 Rf1 71.Rb8 Re1+
72.Kd2 h1=Q 73.Rg8+ Kf3  0-1

[Event "WY Boys-U14"]
[Site "Porto Carras GRE"]
[Date "2010.10.24"]
[Round "6.7"]
[White "Beradze,I"]
[Black "Harutyunian,T"]
[Result "1/2-1/2"]
[WhiteElo "2242"]
[BlackElo "2063"]

1.e4 c5 2.Nf3 d6 3.Bb5+ Nd7 4.c3 Nf6 5.Qe2 a6 6.Ba4 b5 7.Bc2 e5 8.O-O Be7
9.d3 O-O 10.Re1 Qc7 11.Nbd2 Bb7 12.Nf1 Rfe8 13.Ng3 g6 14.Bg5 Bf8 15.Qd2 Bg7
16.Bh6 d5 17.Nf5 Bh8 18.Rad1 Rad8 19.Qc1 Nf8 20.Ng3 Bg7 21.Bxg7 Kxg7 22.Qg5 Bc8
23.Nh4 Ng8 24.exd5 h6 25.Qc1 Rxd5 26.d4 cxd4 27.cxd4 Nf6 28.Nf3 exd4 29.Rxe8 Nxe8
30.Nxd4 Nf6 31.Bb3 Qxc1 32.Rxc1 Rxd4 33.Rxc8 N8d7 34.h3 a5 35.Bc2 Nd5 36.Rd8 Nf4
37.Be4 Ne6 38.Ra8 a4 39.Bc6 Rd6  1/2-1/2

[Event "WY Girls-U18"]
[Site "Porto Carras GRE"]
[Date "2010.10.24"]
[Round "6.1"]
[White "Bulmaga,I"]
[Black "Kazimova,N"]
[Result "1/2-1/2"]
[WhiteElo "2267"]
[BlackElo "2260"]

1.e4 c5 2.Nf3 d6 3.Bb5+ Nd7 4.O-O Nf6 5.Re1 a6 6.Bf1 Ne5 7.h3 e6 8.c3 b5
9.a4 Bd7 10.axb5 axb5 11.Rxa8 Qxa8 12.d4 Nxf3+ 13.Qxf3 c4 14.g4 h6 15.Bg2 Be7
16.Qg3 d5 17.exd5 Nxd5 18.Qe5 O-O 19.Bxd5 exd5 20.Qc7 Qd8 21.Qxd8 Bxd8 22.Na3 f5
23.Re5 Re8 24.Rxe8+ Bxe8 25.gxf5 Bd7 26.Kg2 Kf7 27.Bf4 Be7 28.Kg3 Bxa3 29.bxa3 Bxf5
30.h4 h5  1/2-1/2

[Event "Trophee CCAS GpA"]
[Site "Cap d'Agde FRA"]
[Date "2010.10.26"]
[Round "6"]
[White "Milliet,S"]
[Black "Edouard,R"]
[Result "0-1"]
[WhiteElo "2388"]
[BlackElo "2636"]

1.e4 c5 2.Nf3 d6 3.Bb5+ Nd7 4.O-O a6 5.Bxd7+ Bxd7 6.c3 Nf6 7.Re1 g6 8.d4 cxd4
9.cxd4 d5 10.exd5 Nxd5 11.Nc3 Bc6 12.Bg5 h6 13.Bh4 g5 14.Bg3 Bg7 15.Ne5 O-O
16.Nxc6 bxc6 17.Rc1 e6 18.Be5 Ne7 19.Ne4 Nf5 20.Rxc6 Qd5 21.Rc5 Qxa2 22.Nf6+ Kh8
23.Qh5 Qxb2 24.Nd7 Qb4 25.Rec1 f6 26.Bxf6 Rxf6 27.Nxf6 Bxf6 28.Qg6 Rf8 29.g4 Nxd4
30.Qxh6+ Kg8 31.Qg6+ Bg7 32.Rxg5 Nf3+ 33.Kg2 Nh4+  0-1

[Event "Uxbridge Premier"]
[Site "Denham ENG"]
[Date "2010.10.26"]
[Round "5"]
[White "Clark,Robert"]
[Black "Veit,D"]
[Result "1/2-1/2"]
[WhiteElo "2027"]
[BlackElo "2123"]

1.e4 c5 2.Nf3 d6 3.Bb5+ Nd7 4.c3 a6 5.Ba4 b5 6.Bc2 Bb7 7.d4 Ngf6 8.Nbd2 e6
9.O-O cxd4 10.cxd4 Be7 11.Re1 Qc7 12.Nf1 Rc8 13.Bd3 O-O 14.Ng3 Rfe8 15.Bd2 e5
16.a4 bxa4 17.Rxa4 exd4 18.Bxa6 Bxa6 19.Rxa6 Nc5 20.Ra3 Qb7 21.Nxd4 Qxb2
22.Bc1 Qb7 23.Ndf5 Bf8 24.Rae3 Qa6 25.Bb2 Re6 26.Nd4 Ree8 27.Ndf5 Re6  1/2-1/2

[Event "WY Boys-U18"]
[Site "Porto Carras GRE"]
[Date "2010.10.26"]
[Round "7.13"]
[White "Dragomirescu,R"]
[Black "Hesham,A"]
[Result "1-0"]
[WhiteElo "2423"]
[BlackElo "2248"]

1.e4 c5 2.Nf3 d6 3.Bb5+ Bd7 4.Bxd7+ Qxd7 5.O-O Nc6 6.c3 Nf6 7.d4 Nxe4 8.d5 Ne5
9.Re1 Nxf3+ 10.Qxf3 Nf6 11.c4 Qg4 12.Qc3 Qh4 13.h3 O-O-O 14.Nd2 Rg8 15.Nf3 Qh5
16.b4 g5 17.Bxg5 Rxg5 18.Nxg5 Qxg5 19.bxc5 Nd7 20.c6 Nb6 21.Qa5 Kb8 22.Re3 Bg7
23.Ra3 Kc7 24.Qxa7 Rb8 25.c5 Nxd5 26.Rb1 Kc8 27.Qxb8+  1-0